|
|
|
|
| LEADER |
00000nas a2200000 a 4500 |
| 001 |
ssj0009078 |
| 003 |
WaSeSS |
| 005 |
20200512172242.0 |
| 006 |
m d |
| 007 |
cr n |
| 008 |
011204c19uu9999vaumn pss 0 a0eng c |
| 010 |
|
|
|a 2008212220
|
| 022 |
|
|
|a 1943-4901
|l 0887-2376
|y 0887-2376
|
| 035 |
|
|
|a (WaSeSS)ssj0009078
|
| 037 |
|
|
|a 22573/ctt4k2jr
|b JSTOR
|
| 040 |
|
|
|a HNK
|b eng
|c HNK
|d OCLCQ
|d UV0
|d NSD
|d OCLCQ
|d OCLCF
|d COO
|d OCLCO
|d TEF
|d OCLCQ
|d AU@
|d OCLCA
|d WaSeSS
|
| 042 |
|
|
|a nsdp
|a pcc
|
| 043 |
|
|
|a n-us---
|
| 050 |
|
4 |
|a LB1585.3
|b .S36
|
| 082 |
1 |
0 |
|a 507
|2 11
|
| 130 |
0 |
|
|a Science scope (Washington, D.C. : Online)
|
| 222 |
|
0 |
|a Science scope
|b (Washington, D.C. Online)
|
| 245 |
1 |
0 |
|a Science scope
|h [electronic resource].
|
| 260 |
|
|
|a Arlington, VA :
|b National Science Teachers Association
|
| 310 |
|
|
|a Monthly (except June-Aug.)
|
| 362 |
1 |
|
|a Coverage as of Aug. 17, 2015: vol. 8, no. 1 (Sept. 1984)-
|
| 506 |
|
|
|a License restrictions may limit access.
|
| 515 |
|
|
|a Some issues combined.
|
| 538 |
|
|
|a Mode of access: World Wide Web.
|
| 588 |
|
|
|a Description based on: Vol. 8, no. 1 (Sept. 1984); title from caption (JSTOR viewed Aug. 17, 2015).
|
| 588 |
|
|
|a Latest issue consulted: Vol. 37, no. 1 (Sept. 2013) (viewed Aug. 17, 2015).
|
| 650 |
|
0 |
|a Science
|x Study and teaching (Elementary)
|z United States
|v Periodicals.
|
| 650 |
|
0 |
|a Science teachers
|z United States
|v Periodicals.
|
| 650 |
|
7 |
|a Science
|x Study and teaching (Elementary)
|2 fast
|0 (OCoLC)fst01108436
|
| 650 |
|
7 |
|a Science teachers.
|2 fast
|0 (OCoLC)fst01108776
|
| 651 |
|
7 |
|a United States.
|2 fast
|0 (OCoLC)fst01204155
|
| 655 |
|
0 |
|a Electronic journals.
|
| 776 |
1 |
|
|t Science scope (Washington, D.C.)
|x 0887-2376
|w (DLC)sn 85011442
|w (OCoLC)10518686
|
| 856 |
4 |
0 |
|z Full text available from Research Library: 05/01/1997 to present
|u https://search.proquest.com/publication/36017
|